World environement atlas
| Format: | Book |
|---|---|
| Published: |
Edinburgh :
Bartholomew ,
1991
|
| Subjects: |
MARC
| LEADER | 00000cam a2200000 7i4500 | ||
|---|---|---|---|
| 001 | 0000002751 | ||
| 002 | 000002981 | ||
| 005 | 20060123.0 | ||
| 020 | |a 0702817325 | ||
| 090 | 0 | 0 | |a 333.70223 |b WOR |
| 245 | 0 | 0 | |a World environement atlas |
| 260 | |a Edinburgh : |b Bartholomew , |c 1991 | ||
| 300 | |a 72p. : |b ill ; |c 28cm. | ||
| 650 | 0 | 0 | |a Enviroment |x Atlases |x Juvenile literature |
| 999 | |a 036351 |b BUKU |c JUNIOR BOOKS |e PERPUSTAKAAN KOMUNITI PETALING JAYA | ||